| 000 | 00790nam a22002777a 4500 | ||
|---|---|---|---|
| 001 | BR9210941 | ||
| 003 | BR-BrBNA | ||
| 005 | 20240219143007.0 | ||
| 007 | ta | ||
| 008 | 230509b bl.||||| |||| 00| 0 por d | ||
| 040 |
_aBR-BrBNA _bpor _cBiblioteca Nacional de Agricultura |
||
| 041 | _a(Por) | ||
| 072 | _aA50; E14 | ||
| 090 |
_aA50 _bBR9210941 |
||
| 110 | 1 |
_aSecretaria de Estado da Agricultura, Aracaju, SE (Brasil) _98793 |
|
| 245 | 1 | _aPLANVASF. Programa de Pesquisa do Baixo Sao Francisco - estado de Sergipe | |
| 260 | 3 |
_aAracaju, SE (Brasil): _c1988. |
|
| 300 | _a[vp] | ||
| 650 | _aPrograma de Pesquisa | ||
| 650 | _aPolitica Agricola | ||
| 650 | _aIrrigacao | ||
| 650 | _aTecnologia Agricola | ||
| 650 | _aExploracao Agricola | ||
| 650 | _aSergipe | ||
| 942 |
_cBK _2AGRIS |
||
| 999 |
_c46976 _d46976 |
||